Costa Rica: aguda crisis económica y monetaria

保存先:
書誌詳細
フォーマット: テキスト
主題:
タグ: タグ追加
タグなし, このレコードへの初めてのタグを付けませんか!

MARC

LEADER 00000 a a2200000 04500
001 18035
003
040
245 |a Costa Rica:   |b aguda crisis económica y monetaria  
650 |a RECESION ECONOMICA  
650 |a BANCOS CENTRALES  
650 |a COSTA RICA  
773 |g volumen 5, número 14; (1981) páginas 158  
999 |c 29766  |d 29766 
773 0 |0 42391  |9 3892  |a Agencia Latinoamericana de Información, ALAI  |d Quito, Ecuador: ALAI  |o 04407  |t ALAI:  |x 08275564 (Servicio mensual de información y documentación)